00300cam a22000857a 4500008004000000100003400040245007700074260004100151650002200192180718b1995 xxu||||| |||| 00| 0 eng d aVagmai,SriRam Sharma Aacharya aBhatiya sanskriti ke aadharbhut tattvacby SriRam Sharma Aacharya Vagmai aMathurabAkhand Jyoti Sansthanc1995 aBhatiya sanskriti